Welcome to the Holygrace Academy Library

Please use search bar below to get started

FREEDOM FIGHTERS (Record no. 6330)

MARC details
000 -LEADER
fixed length control field 00258nam a22001217a 4500
082 ## - DEWEY DECIMAL CLASSIFICATION NUMBER
Classification number 001
Item number JOS/F
100 ## - MAIN ENTRY--AUTHOR NAME
Personal name JOSE,JOICE P
245 ## - TITLE STATEMENT
Title FREEDOM FIGHTERS
260 ## - PUBLICATION, DISTRIBUTION, ETC. (IMPRINT)
Place of publication CHERTHALA
Name of publisher SHARON BOOKS
300 ## - PHYSICAL DESCRIPTION
Number of Pages 66
650 ## - SUBJECT ADDED ENTRY--TOPICAL TERM
Topical Term BIOGRAPHY
Geographic subdivision CHERTHALA
942 ## - ADDED ENTRY ELEMENTS (KOHA)
Koha item type Books
Holdings
Withdrawn status Lost status Collection code Home library Current library Shelving location Date acquired Source of acquisition Full call number Accession Number Koha item type
    Reference Main Library Main Library SHELF-17-K-BIOGRAPHIES & AUTOBIOGRAPHIES 03/06/2011 PURCHASE 001 JOS/F 03871 Books